[Event "Niedersachsen-ch op-C"]
[Site "Verden an der Aller"]
[Date "2020.01.03"]
[Round "3"]
[White "Niemann, Marcel"]
[Black "Zgonc, David"]
[Result "1-0"]
[WhiteElo "1289"]
[BlackElo "1402"]
[PlyCount "147"]
[EventDate "2020.01.02"]
[EventType "swiss"]
[EventRounds "7"]
[EventCountry "GER"]
[SourceTitle "EXT 2023"]
[Source "ChessBase"]
[SourceDate "2022.10.05"]
[SourceVersion "1"]
[SourceVersionDate "2022.10.05"]
[SourceQuality "1"]

1. d4 f5 2. c4 Nf6 3. Nc3 g6 4. Bf4 Bg7 5. f3 d6 6. e3 Be6 7. Qb3 Qc8 8. Bd3 c6 9. Nge2 0-0 10. Bg3 Na6 11. 0-0 Bf7 12. Rac1 Nh5 13. Bf2 e5 14. d5 Nc5 15. Qc2 Nxd3 16. Qxd3 Qc7 17. a4 Rad8 18. Ng3 Nf6 19. e4 f4 20. Nge2 g5 21. h3 h5 22. Kh2 Qe7 23. Rh1 Bg6 24. Kg1 Kf7 25. Kf1 Rh8 26. Ng1 c5 27. Ke2 g4 28. h4 a6 29. b3 Nd7 30. Be1 g3 31. Bd2 Bf6 32. Nh3 Bxh4 33. Ra1 Kg7 34. Na2 Nf8 35. Qc3 Nh7 36. Bxf4 Qf6 37. Bd2 Ng5 38. Bxg5 Bxg5 39. Nxg5 Qxg5 40. Qe3 Qxe3+ 41. Kxe3 Rdf8 42. Rh3 h4 43. Rah1 Rf4 44. Nc3 Be8 45. Ne2 Bd7 46. Nxf4 exf4+ 47. Kxf4 Bxh3 48. Rxh3 Kf6 49. Ke3 Kg5 50. f4+ Kg4 51. Rh1 h3 52. Rg1 h2 53. Rh1 a5 54. e5 dxe5 55. fxe5 Rf8 56. e6 Rf3+ 57. gxf3+ Kh3 58. e7 g2 59. Rxh2+ Kxh2 60. e8Q g1Q+ 61. Kd2 Qd4+ 62. Ke2 Qb2+ 63. Ke3 Qd4+ 64. Ke2 Qb2+ 65. Ke1 Qc3+ 66. Kf2 Qb2+ 67. Qe2 Qd4+ 68. Kf1+ Kg3 69. Qg2+ Kf4 70. Qg4+ Ke3 71. Qxd4+ cxd4 72. Ke1 d3 73. d6 d2+ 74. Kd1 1-0

[Event "Harburg-chH 13th"]
[Site "Hamburg"]
[Date "2018.08.05"]
[Round "5"]
[White "Ahlers, Quentin"]
[Black "Niemann, Marcel"]
[Result "0-1"]
[WhiteElo "1203"]
[BlackElo "1152"]
[PlyCount "67"]
[EventDate "2018.08.03"]
[EventType "tourn"]
[EventRounds "5"]
[EventCountry "GER"]
[SourceTitle "EXT 2019"]
[Source "ChessBase"]
[SourceDate "2018.10.10"]
[SourceVersion "1"]
[SourceVersionDate "2018.10.10"]
[SourceQuality "1"]

1. e4 e5 2. Nf3 Nc6 3. Bc4 Bc5 4. d3 Nf6 5. Nc3 0-0 6. Bg5 Na5 7. Qd2 Nxc4 8. dxc4 Bb4 9. 0-0 d6 10. Qd3 Bxc3 11. Qxc3 Nxe4 12. Bxd8 Nxc3 13. Bxc7 Ne2+ 14. Kh1 e4 15. Nd2 f5 16. Bxd6 Rd8 17. c5 Nd4 18. c3 Ne6 19. Nc4 Bd7 20. Na5 Bb5 21. c4 Ba6 22. Rad1 b6 23. Nc6 Rdc8 24. Ne7+ Kf7 25. Nxc8 Rxc8 26. cxb6 axb6 27. b3 Rc6 28. Ba3 Nf4 29. Rd7+ Kg6 30. Rd6+ Rxd6 31. Bxd6 Nd3 32. Bg3 Kh5 33. Bc7 f4 34. a4 0-1

[Event "Harburg-chI 12th"]
[Site "Hamburg"]
[Date "2017.08.06"]
[Round "5"]
[White "Rennkamp, David"]
[Black "Niemann, Marcel"]
[Result "0-1"]
[WhiteElo "1012"]
[BlackElo "1119"]
[PlyCount "64"]
[EventDate "2017.08.06"]
[EventType "tourn"]
[EventRounds "5"]
[EventCountry "GER"]
[SourceTitle "CBM 180 Extra"]
[Source "ChessBase"]
[SourceDate "2017.10.06"]
[SourceVersion "1"]
[SourceVersionDate "2017.10.06"]
[SourceQuality "1"]

1. d4 d5 2. c4 c6 3. Nf3 Nf6 4. Nc3 e6 5. Bg5 Be7 6. e3 0-0 7. Bd3 h6 8. Bf4 Nh5 9. 0-0 Nxf4 10. exf4 Bd6 11. g3 Qf6 12. Qe2 Nd7 13. Rfe1 b6 14. Qe3 Bb7 15. Rab1 c5 16. Nb5 cxd4 17. Qxd4 Qxd4 18. Nfxd4 Bc5 19. Nf3 dxc4 20. Bxc4 Bxf3 21. Rbc1 Nf6 22. Rc3 Bh5 23. Kg2 Bb4 24. Rce3 Bxe1 25. Rxe1 Bg6 26. Re5 Nd7 27. Re2 Nc5 28. b4 Bd3 29. Bxd3 Nxd3 30. Rd2 Nxb4 31. a3 Nd5 32. Kf3 Rfc8 0-1

[Event "Niedersachsen-ch op-C"]
[Site "Verden"]
[Date "2016.01.04"]
[Round "3"]
[White "Gahrens, Juergen"]
[Black "Niemann, Marcel"]
[Result "1-0"]
[WhiteElo "1205"]
[BlackElo "938"]
[PlyCount "49"]
[EventDate "2016.01.03"]
[EventType "swiss"]
[EventRounds "7"]
[EventCountry "GER"]
[SourceTitle "EXT 2018"]
[Source "ChessBase"]
[SourceDate "2017.10.13"]
[SourceVersion "1"]
[SourceVersionDate "2017.10.13"]
[SourceQuality "1"]

1. d4 d5 2. Nc3 Nf6 3. e4 Nxe4 4. Nxe4 dxe4 5. f3 f5 6. Be3 b6 7. Nh3 h6 8. Nf2 Bb7 9. fxe4 fxe4 10. Bc4 Qd6 11. 0-0 Nd7 12. Bf7+ Kd8 13. c4 e5 14. d5 Nf6 15. Ng4 Be7 16. Rf5 Bc8 17. Be6 Bxe6 18. dxe6 Nxg4 19. Qxg4 Qxe6 20. Rd1+ Bd6 21. Qxe4 Kd7 22. Rxe5 Qf7 23. Qg4+ Kc6 24. Rf5 Qd7 25. Qe4# 1-0

[Event "Daehne Cup Region 14/15 V"]
[Site "Bissendorf"]
[Date "2015.04.17"]
[Round "1"]
[White "Niemann, Marcel"]
[Black "Schulze, Konrad"]
[Result "0-1"]
[WhiteElo "799"]
[BlackElo "1432"]
[PlyCount "68"]
[EventDate "2015.04.17"]
[EventType "k.o."]
[EventRounds "5"]
[EventCountry "GER"]
[SourceTitle "EXT 2022"]
[Source "ChessBase"]
[SourceDate "2021.10.06"]
[SourceVersion "1"]
[SourceVersionDate "2021.10.06"]
[SourceQuality "1"]

1. c4 Nf6 2. Nc3 d6 3. Nf3 Nbd7 4. d4 e5 5. d5 c6 6. e4 Be7 7. h3 0-0 8. Be2 Re8 9. 0-0 Qc7 10. b4 cxd5 11. Nxd5 Nxd5 12. cxd5 Nf6 13. Qd3 Bd7 14. Bg5 a6 15. Rac1 Qb6 16. Be3 Qxb4 17. Qc4 Qxc4 18. Rxc4 Bb5 19. Rc2 Bxe2 20. Rxe2 Nxe4 21. Rc1 Rac8 22. Rec2 Rxc2 23. Rxc2 Nf6 24. Rc7 Nxd5 25. Rxb7 Nxe3 26. fxe3 a5 27. e4 g6 28. g4 Bd8 29. Rb8 Kf8 30. a4 Bc7 31. Rb7 Rc8 32. Ng5 h6 33. Nf3 Bd8 34. Ra7 Bb6+ 0-1